Fast Typing 1-20 - Statistics

General Stats
  • This quiz has been taken 7,832 times
    7,828 since last reset
  • The average score is 14 of 20
Answer Stats
Answer % Correct
one
100%
two
94%
three
92%
four
91%
five
90%
six
90%
seven
89%
eight
87%
nine
86%
ten
85%
eleven
82%
twelve
77%
thirteen
70%
fourteen
65%
fifteen
55%
sixteen
50%
seventeen
44%
eighteen
37%
nineteen
30%
twenty
27%
No matching quizzes found
Score Distribution
Percent of People with Each Score
Percentile by Number Answered
Your Score History
You have not taken this quiz since the last reset